01280 2200229 4500001002100000005001500021035002000036007000300056008004100059020001800100082001000118084001600128100001200144245002100156250001100177260004100188300003800229650001800267520073800285600001001023990001701033INLIS00000000000224520260416084113 a0010-0426000002ta260416 g f ind  a979-780-508-5 a82-31 a82-31 ORI i0 aOrizuka1 aInfinitely Yours aCet. 8 aJakarta Selatan :bGagasMedia,c2012 ax, 294 hlm :bilus. ;c13 x 19 cm 4aFIKSI ROMANSA aNovel ini mengisahkan pertemuan dua karakter dengan kepribadian dan pandangan yang bertolak belakang di bawah langit Korea Selatan. Jingga adalah seorang gadis yang sangat memuja segala hal tentang Korea—mulai dari musik, drama, hingga budayanya. Baginya, bisa menginjakkan kaki di Korea adalah mimpi yang menjadi kenyataan. Di sisi lain, ada Rayan, seorang pria yang justru membenci Korea. Baginya, perjalanan ke Negeri Ginseng tersebut hanyalah sebuah keharusan yang menjemukan. Takdir mempertemukan keduanya dalam satu rombongan tur yang sama. Perbedaan mencolok antara si "penggemar berat" dan si "pembenci" ini memicu berbagai perdebatan dan kejadian menggemaskan sepanjang perjalanan mereka menyusuri Seoul dan sekitarnya. 4aNOVEL a4049/BBPP/26